Statistiques concernant Paroles - Je te promets

Cliquez ici pour prendre le quiz!

Statistiques générales

  • Ce quiz a été pris 199 fois
  • Le résultat moyen est 330 sur 383

Statistiques - réponses

Réponse% Correct
je
100%
Je
100%
le
100%
promets
100%
te
100%
à
99%
ciel
99%
de
98%
ma
98%
au
97%
bouche
97%
qui
97%
des
96%
la
96%
l'a
96%
main
96%
ta
95%
touche
95%
et
94%
me
94%
se
94%
tes
94%
que
93%
baiser
92%
nuit
92%
pour
92%
un
90%
comme
89%
en
89%
les
89%
mes
89%
peau
89%
une
89%
on
88%
nuits
87%
douces
86%
croire
85%
soient
85%
tu
85%
peut
84%
si
84%
couche
83%
miel
83%
bras
82%
crois
82%
histoire
82%
j'y
82%
sel
82%
soleil
82%
dessus
81%
mon
81%
pas
81%
y
81%
autres
80%
différente
80%
j'te
80%
c'est
79%
même
79%
encore
78%
larmes
78%
terre
78%
tout
78%
d'y
77%
enfant
77%
fait
77%
heures
77%
plus
77%
dentelles
76%
fleurs
76%
mais
76%
sont
76%
serrent
75%
trop
75%
vie
75%
mots
74%
toute
74%
vrai
74%
âme
73%
ne
73%
notre
73%
quelques
73%
revoir
73%
rires
73%
voir
73%
feu
72%
force
72%
yeux
72%
adieux
71%
rien
71%
du
70%
jamais
70%
mens
70%
rêves
70%
bien
69%
essayer
69%
matin
69%
termine
69%
craie
68%
juste
68%
mains
68%
peux
68%
secrets
68%
usés
68%
j'ai
67%
cailloux
66%
clé
66%
embrasses
66%
hanches
66%
minutes
66%
vent
66%
avec
65%
frottant
65%
grands
65%
tant
65%
besoin
64%
blanches
64%
d'espoir
64%
incandescentes
64%
place
64%
heureux
63%
moment
63%
rythme
63%
angoisses
62%
d'etre
62%
douceur
62%
m'aides
62%
n'as
62%
armes
61%
écrits
61%
fièvre
59%
temps
59%
peut-être
57%
rouges
57%
secondes
57%
légers
55%
insouciantes
54%
jours
52%
porter
52%
bleus
50%
veines
45%

Distribution des résultats

Percentile par nombre de réponses

% des personnes avec chaque résultat

Votre développement - résultats

Vous n’avez pas pris ce quiz